| 000 | 01178nam a22002537a 4500 | ||
|---|---|---|---|
| 005 | 20100319094942.0 | ||
| 008 | 100319t xxu||||| |||| 00| 0 hin d | ||
| 010 | _aHIN-89170 | ||
| 020 |
_c150.00 _a8188803162 |
||
| 035 | _aHN-61516 | ||
| 037 | _bDBAD / PUB | ||
| 040 |
_aDPL _bHN |
||
| 082 | _aक | ||
| 100 |
_aमलिक, कुलबीर सिंह _917359 |
||
| 245 |
_aकब्रिस्तान की बेरियाँ / _cकुलबीर सिंह मलिक |
||
| 246 |
_aKabristan ki Beriyan _bby Kulbir Singh Malik |
||
| 260 |
_aपंचकूला _bसतलुज प्रकाशन _c2008 |
||
| 270 |
_aएस.सी.एफ. 267 (द्वितीय तल), सेक्टर-16 _bपंचकूला _e134113 (हरियाणा) |
||
| 300 |
_a96पृ _c22सेमी (सजिल्द) |
||
| 650 |
_aलघु कथाएँ, हिन्दी _91169 |
||
| 650 |
_aShort stories, hindi _917360 |
||
| 942 |
_2ddc _cHN _mमलिक _hक |
||
| 999 |
_c34780 _d34780 |
||